00759nam a2200253Ia 4500003000400000005001700004006001800021007000300039008004100042024001000083037001100093040001800104041001300122100001200135110006200147245006900209260004500278300001900323650002800342700004200370700006200412942001200474999001900486OSt20220930084557.0a|||||r|||| 00| 0ta220926b |||||||| |||| 00| 0 hin d a85051 cTheses aCRLcCRLbhin 2hinahin aShivani aUniversity of Delhi. Faculty of Arts. Department of Hindi 0aAgheya ka katha sahitya b Vyaktittva aur vyavastha ka sangharsh aDelhibUniversity of Delhi India c2004 a217p.ap.ccm. aHINDI LITERATURE923866 a Dr. Krishan Dutt Paliwal Gu.9536710 aUniversity of Delhi. Faculty of Arts. Department of Hindi cDIS2CC c877440d877440